[Event "44th Sparkassen Open"]
[Site "Dortmund GER"]
[Date "2016.07.15"]
[Round "7.30"]
[White "Biermann, Florian"]
[Black "Maniocha, Marek"]
[Result "0-1"]
[WhiteElo "1924"]
[BlackElo "1982"]
[WhiteFideId "12970069"]
[BlackFideId "4636821"]
[EventDate "2016.07.09"]

1. c4 c5 2. Nc3 Nc6 3. e3 g6 4. Nf3 Bg7 5. d4 cxd4 6. exd4 d6 7. d5 Ne5 8. Nxe5
Bxe5 9. Bd3 Bg7 10. O-O Nf6 11. Re1 O-O 12. Qe2 Re8 13. Bg5 Bd7 14. Ne4 Nxe4 15.
Qxe4 Bf5 16. Qe2 Bxd3 17. Qxd3 Qd7 18. Re2 e6 19. dxe6 Rxe6 20. Rae1 Rae8 21. h3
Bxb2 22. Rxe6 Rxe6 23. Rd1 Qc6 24. Qd5 Bg7 25. Qxc6 bxc6 26. Rb1 Bd4 27. Bh6 Bb6
28. a4 f6 29. a5 Bxa5 30. Rb8+ Kf7 31. Rh8 Re1+ 32. Kh2 Bb6 33. Rxh7+ Ke6 34. f3
g5 35. Bf8 Rd1 36. Re7+ Kf5 37. Rd7 Bc5 38. Rf7 Bd4 39. Rc7 Be5+ 40. g3 Rd2+ 41.
Kg1 Bxg3 42. Rxc6 Be5 43. c5 Bd4+ 0-1

[Event "44th Sparkassen Open"]
[Site "Dortmund GER"]
[Date "2016.07.15"]
[Round "7.31"]
[White "Geerling, Anton"]
[Black "Schimnatkowski, Lukas"]
[Result "0-1"]
[WhiteElo "2008"]
[BlackElo "2030"]
[WhiteFideId "12976733"]
[BlackFideId "12936723"]
[EventDate "2016.07.09"]

1. e4 Nc6 2. Nf3 f5 3. exf5 d5 4. d4 Bxf5 5. Bb5 e6 6. Ne5 Ne7 7. Bg5 Qd6 8. c3
a6 9. Qa4 Rc8 10. Bxe7 axb5 11. Bxd6 bxa4 12. Bxf8 Nxe5 13. Ba3 Nd3+ 14. Kf1 c5
15. dxc5 Nxc5 16. Nd2 Bd3+ 17. Ke1 Kf7 18. Bxc5 Rxc5 19. Nf3 Kf6 20. Kd2 Be4 21.
Ke3 Bxf3 22. Kxf3 a3 23. Rhb1 Ra8 24. Ke2 axb2 25. Rxb2 Rxc3 26. Rxb7 Rc2+ 27.
Ke3 Raxa2 28. Rxa2 Rxa2 29. Rb3 h6 30. h4 Kf5 31. Kf3 Ra4 32. g3 g5 33. hxg5
hxg5 34. Rb8 g4+ 35. Ke3 Ke5 36. Rg8 d4+ 37. Ke2 Ra2+ 38. Kf1 d3 39. Ke1 Kd4 40.
Rd8+ Ke4 41. Rf8 e5 42. Rf7 d2+ 43. Ke2 Ra3 44. Kxd2 Rf3 45. Rxf3 Kxf3 46. Ke1
e4 47. Kf1 e3 48. fxe3 Kxe3 0-1

[Event "44th Sparkassen Open"]
[Site "Dortmund GER"]
[Date "2016.07.15"]
[Round "7.32"]
[White "Busche, Klaus"]
[Black "Garbuz, Vitaliy"]
[Result "1/2-1/2"]
[WhiteElo "2033"]
[BlackElo "1907"]
[WhiteFideId "24604631"]
[BlackFideId "12990710"]
[EventDate "2016.07.09"]

1. d4 d5 2. Nf3 Nf6 3. c4 c6 4. e3 Bf5 5. Bd3 Bxd3 6. Qxd3 e6 7. O-O Nbd7 8. Nc3
Bd6 9. e4 dxe4 10. Nxe4 Nxe4 11. Qxe4 Nf6 12. Qe2 h6 13. b3 O-O 14. Bb2 a5 15.
a4 Nd7 16. Rfd1 Qe7 17. Ne5 Nxe5 18. dxe5 Bc5 19. Rd3 Rfd8 20. Rad1 Rxd3 21.
Qxd3 Bb6 22. g3 Rd8 23. Qe2 Rd7 24. Bc3 Qd8 25. Rxd7 Qxd7 26. Qd2 Qxd2 27. Bxd2
Bd4 28. Bxa5 Bxe5 29. f4 Bd4+ 30. Kg2 e5 31. Kf3 f5 32. fxe5 Bxe5 33. Bd2 Kf7
34. b4 Ke6 35. b5 cxb5 36. axb5 Bd4 37. Bb4 b6 38. Bf8 Kf7 39. Ba3 Ke6 40. h4 g5
41. h5 g4+ 42. Ke2 Be5 43. Kf2 Bd4+ 44. Ke2 Be5 45. Kf2 1/2-1/2

[Event "44th Sparkassen Open"]
[Site "Dortmund GER"]
[Date "2016.07.16"]
[Round "8.1"]
[White "Dann, Matthias"]
[Black "Hausrath, Daniel"]
[Result "1/2-1/2"]
[WhiteTitle "IM"]
[BlackTitle "GM"]
[WhiteElo "2482"]
[BlackElo "2483"]
[WhiteFideId "24638056"]
[BlackFideId "4617495"]
[EventDate "2016.07.09"]

1. e4 c5 2. Nf3 Nc6 3. d4 cxd4 4. Nxd4 g6 5. Nc3 Bg7 6. Be3 Nf6 7. Bc4 O-O 8.
Bb3 Re8 9. h3 d6 10. O-O Na5 11. Qf3 b6 12. Ba4 Bd7 13. Bxd7 Qxd7 14. Rad1 Nc4
15. Bc1 Rac8 16. Rfe1 Qb7 17. Nd5 Ne5 18. Qb3 Nc4 19. Nb5 a6 20. Nbc3 e6 21.
Nxf6+ Bxf6 22. Nb1 Qc6 23. c3 b5 24. Qc2 d5 25. exd5 exd5 26. Nd2 Rxe1+ 27. Rxe1
Re8 28. Rxe8+ Qxe8 29. Kf1 Be5 30. Nxc4 1/2-1/2

[Event "44th Sparkassen Open"]
[Site "Dortmund GER"]
[Date "2016.07.16"]
[Round "8.2"]
[White "Wiebe, Patrick"]
[Black "Pap, Misa"]
[Result "1/2-1/2"]
[BlackTitle "GM"]
[WhiteElo "2187"]
[BlackElo "2487"]
[WhiteFideId "4684079"]
[BlackFideId "921610"]
[EventDate "2016.07.09"]

1. c4 e5 2. g3 Nc6 3. Bg2 g6 4. Nc3 Bg7 5. e4 d6 6. Nge2 f5 7. d3 Nf6 8. O-O O-O
9. f3 Be6 10. b3 Nd7 11. Nd5 a5 12. Rb1 g5 13. f4 fxe4 14. dxe4 exf4 15. gxf4
Bg4 16. Bb2 gxf4 17. Bxg7 Kxg7 18. Nexf4 Bxd1 19. Ne6+ Kh6 20. Nxd8 Rxf1+ 21.
Bxf1 Bc2 22. Rb2 Rxd8 23. Rxc2 Nd4 24. Rg2 c6 25. Ne7 Nf6 26. c5 Nxe4 27. cxd6
Rxd6 28. Rg4 Ng5 29. h4 Ngf3+ 30. Kf2 Kh5 31. Rf4 Nxh4 32. Be2+ Nxe2 33. Rxh4+
Kg5 34. Rxh7 Nc3 35. Nc8 Rf6+ 36. Ke3 b5 37. Rh2 c5 38. Rg2+ Kh6 39. Rc2 b4 40.
Kd3 Rf4 41. Nb6 Rd4+ 42. Ke3 Rh4 43. Rg2 Rh3+ 44. Kf4 Rh1 45. Ke5 Rd1 46. Rc2
Rd3 47. Rg2 Kh5 48. Nc4 a4 49. bxa4 Nxa4 50. Rd2 Rg3 51. Kd6 Rg6+ 52. Kc7 Nc3
53. Rh2+ Kg5 54. Rg2+ Kf6 55. Rxg6+ Kxg6 56. Kd6 Na4 57. Kc6 Kf5 58. Kb5 Nc3+
59. Kxc5 Nxa2 60. Kd4 Kf4 61. Nd2 Kf5 62. Kc4 Nc3 63. Kxb4 1/2-1/2

[Event "44th Sparkassen Open"]
[Site "Dortmund GER"]
[Date "2016.07.16"]
[Round "8.3"]
[White "Lupor, Stefan"]
[Black "Sorokin, Aleksey"]
[Result "1/2-1/2"]
[WhiteTitle "FM"]
[BlackTitle "FM"]
[WhiteElo "2310"]
[BlackElo "2413"]
[WhiteFideId "4685806"]
[BlackFideId "24176460"]
[EventDate "2016.07.09"]

1. e4 c5 2. Nf3 d6 3. Bb5+ Nd7 4. d4 cxd4 5. Qxd4 a6 6. Bxd7+ Bxd7 7. c4 Nf6 8.
Bg5 h6 9. Bxf6 gxf6 10. Nc3 e6 11. O-O Be7 12. Qd3 Rc8 13. Rac1 Qa5 14. Nd4 Rg8
15. Rc2 Bd8 16. b3 Bb6 17. Kh1 h5 18. f4 h4 19. Rd2 h3 20. gxh3 Qh5 21. a3 Bxd4
22. Qxd4 Qxh3 23. Qd3 Qxd3 24. Rxd3 f5 25. Rg1 Ke7 26. Rxg8 Rxg8 27. Rg3 Rxg3
28. hxg3 fxe4 29. Kg1 f5 30. Kf2 e5 31. Ke3 Be6 32. a4 Kd7 33. Kd2 Kc6 34. Nd1
d5 35. cxd5+ Kxd5 36. Ne3+ Kd4 37. Nc2+ Kc5 38. Kc3 a5 39. Ne3 exf4 40. gxf4 b6
41. Nc2 Kd6 42. Ne3 Ke7 43. b4 Kf6 44. bxa5 bxa5 45. Kd4 Kg6 46. Ke5 Bd7 47. Kd4
Kh5 48. Nc4 Be6 49. Nd6 Bd7 50. Nxe4 fxe4 51. Kxe4 Bxa4 52. Kd4 1/2-1/2

[Event "44th Sparkassen Open"]
[Site "Dortmund GER"]
[Date "2016.07.16"]
[Round "8.4"]
[White "Podzielny, Karl-Heinz"]
[Black "Schmittdiel, Eckhard"]
[Result "1/2-1/2"]
[WhiteTitle "IM"]
[BlackTitle "GM"]
[WhiteElo "2400"]
[BlackElo "2449"]
[WhiteFideId "4600215"]
[BlackFideId "4600096"]
[EventDate "2016.07.09"]

1. Nf3 c5 2. g3 Nc6 3. Bg2 e5 4. d3 h6 5. c4 d6 6. Nc3 g5 7. a3 Bg7 8. h4 g4 9.
Nd2 f5 10. Nf1 Nf6 11. b4 O-O 12. bxc5 dxc5 13. Rb1 Rf7 14. Nd5 Nh5 15. Nd2 Rb8
16. Bb2 b6 17. O-O Be6 18. Re1 Qd6 19. Qa4 Bd7 20. e3 Kh8 21. Ba1 Be8 22. Qd1
Bd7 23. Bc3 Qf8 24. a4 f4 25. Ne4 f3 26. Bf1 Bf5 27. Nd2 Ne7 28. e4 Bd7 29. Re3
Nc6 30. a5 Nxa5 31. Bxa5 bxa5 32. Rxb8 Qxb8 33. Qa1 a4 34. Re1 Bc6 35. Rb1 Rb7
36. Ne7 Bd7 37. Rxb7 Qxb7 38. Nd5 Nf6 39. Ne3 Ne8 40. Nb1 Nd6 41. Na3 Nf7 42.
Nd5 Qb3 43. Qc1 h5 44. Qa1 Kh7 45. Kh2 Nd8 46. Qc1 Ne6 47. Kg1 Bh6 48. Qa1 Bg7
49. Qc1 Be8 50. Kh2 Qa2 51. Kg1 Nd4 52. Nc3 Qb3 53. Kh2 Bh6 54. Qa1 a6 55. Nd5
Bc6 56. Ne7 Bd2 57. Kg1 Bc3 58. Qc1 Ne2+ 59. Bxe2 fxe2 60. Qg5 e1=Q+ 61. Kg2
Bxe4+ 62. dxe4 Qxf2+ 63. Kxf2 Bd4+ 64. Ke2 Qf3+ 65. Kd2 Qc3+ 66. Ke2 Qf3+ 1/2-1/2

[Event "44th Sparkassen Open"]
[Site "Dortmund GER"]
[Date "2016.07.16"]
[Round "8.5"]
[White "Zatonskih, V."]
[Black "Meyers, Mark"]
[Result "1-0"]
[WhiteTitle "FM"]
[WhiteElo "2329"]
[BlackElo "2074"]
[WhiteFideId "14102161"]
[BlackFideId "12927716"]
[EventDate "2016.07.09"]

1. e4 c5 2. Nf3 e6 3. d4 cxd4 4. Nxd4 Nf6 5. Nc3 Nc6 6. Ndb5 Bc5 7. Bf4 O-O 8.
Bc7 Qe7 9. Bd6 Bxd6 10. Qxd6 Ne8 11. Qxe7 Nxe7 12. O-O-O a6 13. Nd6 Nxd6 14.
Rxd6 f5 15. Bd3 b5 16. exf5 Nxf5 17. Bxf5 Rxf5 18. f3 Ra7 19. Ne4 Rc7 20. Rhd1
Kf8 21. b4 Ke7 22. Nc5 a5 23. a3 Re5 24. R1d2 axb4 25. axb4 Rc6 26. R6d4 d6 27.
Ne4 d5 28. Nc5 Bd7 29. R4d3 Rc7 30. Ra3 Rf5 31. Ra6 Bc6 32. Re2 Rf6 33. f4 Kd6
34. g4 Re7 35. Nd3 Rc7 36. Kd2 Rf8 37. Nc5 Re7 38. Nd3 Ra8 39. Rxa8 Bxa8 40. Kc3
Rc7+ 41. Nc5 Re7 42. Kd4 Bc6 43. c3 Re8 44. Re1 h6 45. Re5 Re7 46. h4 Be8 47.
Re2 g5 48. fxg5 hxg5 49. h5 e5+ 50. Ke3 Rf7 51. h6 Rh7 52. Rh2 Bg6 53. Ra2 Rxh6
54. Ra6+ Kc7 55. Re6 Rh3+ 56. Kd2 Rh2+ 57. Ke1 Rh1+ 58. Kf2 Be4 59. Nxe4 dxe4
60. Rxe5 Rh3 61. Rxg5 Rf3+ 62. Ke2 Rg3 63. Rxb5 Kd6 64. c4 Rc3 65. Rd5+ Ke6 66.
Rc5 Rg3 67. g5 Kd6 68. Rd5+ Kc6 69. b5+ Kb6 70. Re5 e3 71. Kd3 Ka5 72. Kd4 Rg4+
73. Kc5 Rg3 74. g6 Rxg6 75. Rxe3 Rg5+ 76. Kd6 Rg6+ 77. Kd5 Rg8 78. Re6 Rg5+ 79.
Kc6 Rg8 80. Rd6 Rc8+ 81. Kd5 Rh8 82. Ra6+ Kb4 83. b6 Rh5+ 84. Kd6 Rh6+ 85. Kc7
Kxc4 86. Ra1 Rh7+ 87. Kb8 Kb5 88. b7 Kc6 89. Ka8 1-0

[Event "44th Sparkassen Open"]
[Site "Dortmund GER"]
[Date "2016.07.16"]
[Round "8.6"]
[White "Pajeken, Wolfgang"]
[Black "Korten, Lando"]
[Result "1-0"]
[WhiteTitle "FM"]
[WhiteElo "2289"]
[BlackElo "2000"]
[WhiteFideId "4622170"]
[BlackFideId "12989606"]
[EventDate "2016.07.09"]

1. d4 Nf6 2. c4 g6 3. Nc3 Bg7 4. e4 d6 5. Nf3 O-O 6. h3 e5 7. d5 Na6 8. Be3 Nc5
9. Nd2 a5 10. g4 Ne8 11. Nb3 b6 12. Nxc5 dxc5 13. h4 Nd6 14. h5 f5 15. hxg6 hxg6
16. gxf5 gxf5 17. Qh5 f4 18. Be2 Qf6 19. Bd2 Bd7 20. O-O-O Be8 21. Qh7+ Kf7 22.
Bh5+ Ke7 23. Rdg1 Bxh5 24. Rxh5 Ne8 25. d6+ 1-0

[Event "44th Sparkassen Open"]
[Site "Dortmund GER"]
[Date "2016.07.16"]
[Round "8.7"]
[White "Boehm, Juergen2"]
[Black "Schulze, Marc"]
[Result "1/2-1/2"]
[WhiteElo "2176"]
[BlackElo "2099"]
[WhiteFideId "4606434"]
[BlackFideId "1271126"]
[EventDate "2016.07.09"]

1. d4 Nf6 2. Bg5 Ne4 3. Bf4 c6 4. f3 Nf6 5. Nc3 d5 6. e4 e6 7. Nge2 Be7 8. Qd2
O-O 9. Ng3 c5 10. exd5 Nxd5 11. Nxd5 exd5 12. dxc5 Bxc5 13. O-O-O d4 14. Ne4 Bb6
15. Bc4 Be6 16. Bg5 Qc7 17. Nf6+ Kh8 18. Qd3 g6 19. Bxe6 fxe6 20. Rhe1 Nd7 21.
Nxd7 Qxd7 22. Qe4 Rae8 1/2-1/2

[Event "44th Sparkassen Open"]
[Site "Dortmund GER"]
[Date "2016.07.16"]
[Round "8.9"]
[White "Koellner, Christof"]
[Black "Mundorf, Johannes"]
[Result "0-1"]
[WhiteElo "2133"]
[BlackElo "2240"]
[WhiteFideId "4635787"]
[BlackFideId "24672491"]
[EventDate "2016.07.09"]

1. Nf3 c5 2. e3 g6 3. d4 Bg7 4. c3 Nf6 5. Nbd2 O-O 6. dxc5 a5 7. e4 Qc7 8. Qc2
Na6 9. Bxa6 Rxa6 10. h3 Qxc5 11. e5 Ne8 12. Nb3 Qc7 13. Bg5 d6 14. exd6 Nxd6 15.
O-O a4 16. Nbd4 e5 17. Ne2 Bf5 18. Qc1 a3 19. bxa3 Rc8 20. Rd1 Ne4 21. Be3 h5
22. Qb2 Nd6 23. Nd2 Rca8 24. Qb4 Ra4 25. Qc5 Qxc5 26. Bxc5 Nb5 27. Ng3 Bc2 28.
Re1 Nxa3 29. Rac1 Bd3 30. Nf3 e4 31. Bxa3 exf3 32. Bb4 Rxa2 33. gxf3 Rb2 34. Ra1
Rxa1 35. Rxa1 f5 36. Rd1 Bb5 37. Nf1 Kf7 38. Ne3 Ke6 39. Nd5 Be5 40. Ne3 f4 41.
Ng2 Be2 42. Rc1 Bxf3 43. Nh4 Be4 44. Re1 Rb1 45. Rxb1 Bxb1 46. Nf3 Bf6 47. Nd2
Bf5 48. Kg2 Kd5 49. Kh2 Be5 50. Kg2 b6 51. f3 g5 52. Kh2 g4 53. hxg4 hxg4 54.
fxg4 Bxg4 55. Kg2 b5 56. Kf2 Bc7 57. Nb3 Bb6+ 58. Kg2 Be3 59. Nd4 Bxd4 60. cxd4
Kxd4 61. Kf2 f3 62. Kg3 Kc4 63. Be7 b4 64. Kf2 Kd3 65. Bc5 b3 66. Bf8 Kc2 0-1

[Event "44th Sparkassen Open"]
[Site "Dortmund GER"]
[Date "2016.07.16"]
[Round "8.10"]
[White "Torres-Kuckel, Rafael"]
[Black "Kruse, Janik"]
[Result "1/2-1/2"]
[WhiteTitle "FM"]
[WhiteElo "2191"]
[BlackElo "2153"]
[WhiteFideId "4625072"]
[BlackFideId "16200250"]
[EventDate "2016.07.09"]

1. e4 e5 2. Nf3 Nc6 3. d4 exd4 4. Nxd4 Nf6 5. Nc3 Bb4 6. Nxc6 bxc6 7. Bd3 d5 8.
exd5 cxd5 9. O-O O-O 10. Bg5 c6 11. Qf3 Be7 12. h3 h6 13. Bh4 Rb8 14. b3 Rb4 15.
Bg3 Bd6 16. Bxd6 Qxd6 17. Ne2 c5 18. c3 Rb7 19. Rad1 Re7 20. Ng3 Re5 21. Bf5
Bxf5 22. Nxf5 Qe6 23. Ne3 a5 24. Rd3 a4 25. Rfd1 axb3 26. axb3 Rb8 27. b4 cxb4
28. cxb4 Rxb4 29. Nxd5 Nxd5 30. Rxd5 Rxd5 1/2-1/2

[Event "44th Sparkassen Open"]
[Site "Dortmund GER"]
[Date "2016.07.16"]
[Round "8.11"]
[White "Ciornei, Dragos"]
[Black "Zolfagharian, Kevin"]
[Result "1/2-1/2"]
[WhiteElo "2183"]
[BlackElo "2130"]
[WhiteFideId "4619200"]
[BlackFideId "12933570"]
[EventDate "2016.07.09"]

1. e4 c5 2. Nf3 Nc6 3. d4 cxd4 4. Nxd4 Nf6 5. Nc3 d6 6. Bc4 e6 7. Be3 Be7 8. Bb3
a6 9. Qe2 O-O 10. f4 Qc7 11. f5 Nxd4 12. Bxd4 exf5 13. exf5 Bxf5 14. O-O Bg6 15.
Rae1 Bd8 16. Kh1 Qd7 17. h3 Nh5 18. Rf3 Bh4 19. Bf2 Rae8 20. Re3 Rxe3 21. Qxe3
Qd8 22. Nd5 Qg5 23. Bxh4 Qxh4 24. Kh2 Nf6 25. Nxf6+ Qxf6 26. c3 h6 27. Kg1 1/2-1/2

[Event "44th Sparkassen Open"]
[Site "Dortmund GER"]
[Date "2016.07.16"]
[Round "8.12"]
[White "Borchert, Louis"]
[Black "Liard, Thibaud"]
[Result "0-1"]
[WhiteElo "1878"]
[BlackElo "2183"]
[WhiteFideId "12990680"]
[BlackFideId "649775"]
[EventDate "2016.07.09"]

1. e4 c5 2. c3 d5 3. exd5 Qxd5 4. d4 Nf6 5. Nf3 Nc6 6. Na3 cxd4 7. Bc4 Qd8 8.
cxd4 e6 9. Nb5 a6 10. Nc3 b5 11. Bb3 Na5 12. Bc2 Bb7 13. O-O Be7 14. Re1 O-O 15.
a4 b4 16. Ne4 Rc8 17. Nxf6+ Bxf6 18. Qd3 g6 19. Bd2 Bxf3 20. gxf3 Nc6 21. Qxa6
Nxd4 22. Be4 Nxf3+ 23. Bxf3 Qxd2 24. Red1 Qf4 25. Qe2 Rc5 26. Rd3 Be5 27. Rad1
Qxh2+ 28. Kf1 Qf4 29. Re3 Rfc8 30. Re4 Qf6 31. Rxb4 Rc2 32. Qe4 Bxb2 33. Rb3 e5
34. Rbd3 Bd4 35. R3d2 Rxd2 36. Rxd2 Rc1+ 37. Ke2 Qa6+ 38. Qd3 Qxa4 39. Bd5 Qd7
40. Qe4 Qh3 41. Rxd4 Qf1+ 42. Kf3 Rc3+ 43. Kg4 Qg1+ 44. Kh4 Qxf2+ 45. Kg5 Rg3+
46. Kh6 Rh3+ 47. Kg5 h6+ 0-1

[Event "44th Sparkassen Open"]
[Site "Dortmund GER"]
[Date "2016.07.16"]
[Round "8.13"]
[White "Ries, Benjamin"]
[Black "Winkel, Peter"]
[Result "1-0"]
[WhiteElo "2173"]
[BlackElo "2038"]
[WhiteFideId "4663802"]
[BlackFideId "12954756"]
[EventDate "2016.07.09"]

1. d4 d5 2. c4 e6 3. Nc3 c6 4. e4 dxe4 5. Nxe4 Bb4+ 6. Nc3 c5 7. a3 Ba5 8. dxc5
Bxc3+ 9. bxc3 Qxd1+ 10. Kxd1 Nf6 11. Nf3 Nbd7 12. c6 bxc6 13. Nd4 Bb7 14. Rb1
Nc5 15. f3 e5 16. Nf5 Rd8+ 17. Kc2 Bc8 18. Nxg7+ Ke7 19. Be3 Kf8 20. Bxc5+ Kxg7
21. Bd3 Rhe8 22. Rhe1 Rxd3 23. Kxd3 Bf5+ 24. Ke3 Bxb1 25. Rxb1 e4 26. Bxa7 exf3+
27. Kxf3 Ra8 28. Bd4 c5 29. Bxc5 Nd7 30. Bd4+ Kf8 31. c5 1-0

[Event "44th Sparkassen Open"]
[Site "Dortmund GER"]
[Date "2016.07.16"]
[Round "8.14"]
[White "Eckardt, Joshua"]
[Black "Stein, Robert"]
[Result "1-0"]
[WhiteElo "2133"]
[BlackElo "2169"]
[WhiteFideId "12941646"]
[BlackFideId "12921084"]
[EventDate "2016.07.09"]

1. d4 d5 2. c4 c6 3. Nf3 Nf6 4. Nc3 dxc4 5. a4 Bf5 6. Ne5 Nbd7 7. Nxc4 Qc7 8. g3
e5 9. dxe5 Nxe5 10. Bf4 Nfd7 11. Bg2 g5 12. Ne3 gxf4 13. Nxf5 O-O-O 14. Qc2 h5
15. gxf4 Rg8 16. Bh3 Ng4 17. e3 Nc5 18. Nd4 Kb8 19. O-O-O Be7 20. Bxg4 hxg4 21.
Ne4 Nxe4 22. Qxe4 Bf6 23. Nb3 Qb6 24. Qc4 Qc7 25. Nc5 Ka8 26. b3 Bh4 27. Ne4 Qe7
28. Kb2 Rge8 29. Ng3 Bf6+ 30. Ka2 Bh8 31. e4 Qc7 32. e5 Qb6 33. Ne4 Qc7 34. Nd6
Rf8 35. Rd2 f6 36. Qc5 fxe5 37. fxe5 Qe7 38. Re1 Rf5 39. Rde2 Rh5 40. Qd4 Qg7
41. Qc4 Rf8 42. e6 Qe7 43. Qxg4 Rxh2 44. Nf5 Qf6 45. e7 Re8 46. Qg8 Rxg8 47.
e8=Q+ Qd8 48. Qxg8 1-0

[Event "44th Sparkassen Open"]
[Site "Dortmund GER"]
[Date "2016.07.16"]
[Round "8.15"]
[White "Partzsch, Lukas"]
[Black "Pollmueller, Michael"]
[Result "1-0"]
[WhiteElo "2167"]
[BlackElo "2076"]
[WhiteFideId "12934852"]
[BlackFideId "16208749"]
[EventDate "2016.07.09"]

1. d4 d5 2. Nf3 c5 3. g3 cxd4 4. Bg2 Nf6 5. O-O h6 6. Nxd4 e5 7. Nf3 Nc6 8. c4
Be6 9. Qa4 Bd7 10. cxd5 Nxd5 11. Nxe5 Nxe5 12. Qe4 Qf6 13. Qxd5 Bc6 14. Qb3 Bxg2
15. Kxg2 Bc5 16. Qxb7 O-O 17. Nc3 Bd4 18. Qe4 Bxc3 19. bxc3 Rac8 20. Be3 Rxc3
21. Bxa7 Rc4 22. Bd4 Qc6 23. Qxc6 Nxc6 24. Be3 Ra8 25. Rfc1 Rxc1 26. Bxc1 Nb4
27. a3 Ra6 28. Bd2 Nc2 29. Ra2 Nd4 30. Be3 Nb5 31. Bc5 Ra5 32. Bb4 Ra7 33. a4 f5
34. a5 Kf7 35. Bc5 Ra6 36. Bb6 Nc3 37. Rc2 Nd5 38. Rc5 Nxb6 39. axb6 Rxb6 40.
Rxf5+ Ke6 41. Rf8 Ke7 42. Rh8 Rb2 43. e3 Rb5 44. g4 Kf7 45. h4 Ra5 46. Rb8 Ra1
47. h5 Ra2 48. Rb5 Rc2 49. Rf5+ Ke7 50. g5 hxg5 51. Rxg5 Kf7 52. Kg3 Re2 53. Rg6
Re1 54. Ra6 Rh1 55. Kg4 Rg1+ 56. Kf5 Rh1 57. h6 gxh6 58. Ra7+ Kf8 59. e4 h5 60.
f4 h4 61. Kf6 Kg8 62. e5 h3 63. f5 Rg1 64. Ra8+ Kh7 65. Ra3 Rh1 66. Rg3 Rh2 67.
e6 Ra2 68. Rxh3+ Kg8 69. Rb3 Ra8 70. Rb6 Kf8 71. e7+ Ke8 72. Rd6 Rb8 73. Rd8+
Rxd8 74. exd8=Q+ Kxd8 75. Kg7 1-0

[Event "44th Sparkassen Open"]
[Site "Dortmund GER"]
[Date "2016.07.16"]
[Round "8.16"]
[White "Wicht, Juergen"]
[Black "Dette, Jan"]
[Result "1-0"]
[WhiteTitle "CM"]
[WhiteElo "2221"]
[BlackElo "2015"]
[WhiteFideId "4639197"]
[BlackFideId "12936677"]
[EventDate "2016.07.09"]

1. d4 f5 2. g3 Nf6 3. Bg2 e6 4. Nf3 d5 5. O-O Bd6 6. Bf4 Bxf4 7. gxf4 O-O 8.
Nbd2 Ne4 9. Ne5 Nxd2 10. Qxd2 Nd7 11. Nxd7 Bxd7 12. c4 c6 13. a4 a5 14. Ra3 Ra7
15. Rg3 dxc4 16. d5 Qf6 17. Qe3 Ra6 18. d6 Qxb2 19. Rc1 b5 20. Rc3 Qb1+ 21. Rc1
Qb2 22. h4 Rf6 23. h5 Rh6 24. Rg5 bxa4 25. Rc3 Kf7 26. Qe5 Rf6 27. Rxg7+ 1-0

[Event "44th Sparkassen Open"]
[Site "Dortmund GER"]
[Date "2016.07.16"]
[Round "8.17"]
[White "Heinert, Eugen"]
[Black "Austrup, David"]
[Result "1-0"]
[WhiteElo "2171"]
[BlackElo "2001"]
[WhiteFideId "24621390"]
[BlackFideId "12996890"]
[EventDate "2016.07.09"]

1. d4 Nf6 2. c4 g6 3. Nf3 Bg7 4. g3 d6 5. Bg2 O-O 6. O-O a6 7. Nc3 Nc6 8. b3 Rb8
9. Nd5 Bd7 10. Nxf6+ exf6 11. Bb2 f5 12. Qd2 Qe7 13. Rac1 Rfe8 14. e3 b6 15.
Rfd1 a5 16. Ne1 Nd8 17. c5 Ne6 18. cxb6 cxb6 19. d5 Nc5 20. Bxg7 Kxg7 21. Nf3
Ne4 22. Qd4+ Qf6 23. Rc7 Nc5 24. Rc1 Bc8 25. Ng5 Qxd4 26. exd4 Nd7 27. Bf1 h6
28. Nf3 Nf6 29. Bb5 Rd8 30. Bc6 Ba6 31. Re1 Ne4 32. Nh4 Rdc8 33. Ra7 Bd3 34. f3
Nf6 35. Kf2 Bc2 36. Ng2 f4 37. Nxf4 Bf5 38. Ree7 g5 39. Rxf7+ 1-0

[Event "44th Sparkassen Open"]
[Site "Dortmund GER"]
[Date "2016.07.16"]
[Round "8.18"]
[White "Heldt, Maximilian"]
[Black "Steinle, Carsten"]
[Result "1/2-1/2"]
[WhiteElo "1975"]
[BlackElo "2141"]
[WhiteFideId "12952346"]
[BlackFideId "24676462"]
[EventDate "2016.07.09"]

1. e4 e6 2. d4 d5 3. Nd2 Nf6 4. e5 Nfd7 5. Bd3 c5 6. c3 Nc6 7. Ne2 f6 8. exf6
Qxf6 9. Nf3 cxd4 10. cxd4 Bb4+ 11. Nc3 O-O 12. O-O h6 13. Be3 Rf7 14. Rc1 Nf8
15. Ne2 Bd6 16. Ng3 e5 17. dxe5 Nxe5 18. Be2 Be6 19. Nd4 Nfg6 20. f4 Nc4 21.
Bxc4 dxc4 22. f5 Bxg3 23. hxg3 Qe5 24. Bf4 Nxf4 25. Re1 Qc5 26. fxe6 Nxe6 27.
Rxe6 Rd8 28. Re4 Rfd7 29. Kh2 Rxd4 30. Qg4 Rxe4 31. Qxe4 b5 32. Rf1 Qh5+ 33. Kg1
Qc5+ 34. Kh2 Qd5 35. Qg6 a5 36. Rf5 Qd7 37. Rh5 Qe8 38. Qxe8+ Rxe8 39. Rxb5 Re2
40. a4 Kf7 41. Rxa5 Rxb2 42. Rc5 Rb4 43. a5 Ke6 44. a6 Kd6 45. Rc8 Ra4 46. a7
Rxa7 47. Rxc4 Kd5 48. Rb4 Ke5 49. Rc4 Kf5 50. Rb4 Re7 51. Kh3 Re4 52. Rb7 Kg6
53. Rb5 Kf6 54. Ra5 Re5 55. Ra6+ Kg5 56. Ra7 g6 57. Ra4 Kf5 58. Rb4 Re1 59. Rb5+
Ke4 60. Rb6 Rh1+ 61. Kg4 g5 62. Re6+ Kd5 63. Re2 Kd4 64. Kf5 Kd3 65. Re6 Rh2 66.
g4 Rh4 67. Re7 Kd4 68. Re4+ Kd3 69. Re8 Rh2 70. Re6 Kd2 71. Kg6 Rh4 72. g3 Rh3 1/2-1/2

[Event "44th Sparkassen Open"]
[Site "Dortmund GER"]
[Date "2016.07.16"]
[Round "8.19"]
[White "Lewin, Tammo"]
[Black "Savchenko, Daniel"]
[Result "1/2-1/2"]
[WhiteElo "2041"]
[BlackElo "1942"]
[WhiteFideId "4668596"]
[BlackFideId "12919195"]
[EventDate "2016.07.09"]

1. d4 d5 2. c4 e6 3. Nc3 Nf6 4. Nf3 Be7 5. Bg5 Nbd7 6. e3 O-O 7. Rc1 a6 8. Bd3
dxc4 9. Bxc4 b5 10. Bd3 c5 11. O-O Bb7 12. Qe2 Rc8 13. Rcd1 c4 14. Bc2 b4 15.
Nb1 Nd5 16. Bxe7 Qxe7 17. e4 N5f6 18. Nbd2 c3 19. bxc3 Rxc3 20. Bb1 Rfc8 21. e5
Nd5 22. Ne4 Nf4 23. Qd2 Rxf3 24. gxf3 Qh4 25. Rc1 Rxc1 26. Rxc1 Bxe4 27. Rc8+
Nf8 28. Rxf8+ Kxf8 29. Qxb4+ Ke8 30. Qb8+ Kd7 1/2-1/2

[Event "44th Sparkassen Open"]
[Site "Dortmund GER"]
[Date "2016.07.16"]
[Round "8.21"]
[White "Oezen, Alf"]
[Black "Rott, Georg"]
[Result "0-1"]
[WhiteElo "1970"]
[BlackElo "2139"]
[WhiteFideId "12985430"]
[BlackFideId "4633393"]
[EventDate "2016.07.09"]

1. Nf3 d5 2. g3 Nf6 3. Bg2 g6 4. O-O Bg7 5. d3 O-O 6. Nbd2 c5 7. Re1 Nc6 8. e4
Bg4 9. h3 Bxf3 10. Qxf3 e6 11. c3 h6 12. g4 d4 13. c4 Nb4 14. Re2 Nd7 15. e5
Nxe5 16. Rxe5 Bxe5 17. Ne4 Bg7 18. Nxc5 Nc2 19. Nxb7 Qb6 20. Rb1 Ne1 21. Qc6
Nxg2 22. Qxb6 axb6 23. Kxg2 Rxa2 24. b4 Rfa8 25. Nd6 Ra1 26. Rxa1 Rxa1 27. Bf4
e5 28. Bg3 g5 29. Nc8 Rb1 30. b5 f6 31. Nxb6 Rb3 32. Nd7 Kf7 33. Nc5 Rb2 34. Kf3
Bf8 35. Nb7 Be7 36. Ke4 Ke6 37. Na5 Bc5 38. Nb7 Be7 39. Na5 Re2+ 40. Kf3 Re1 41.
Nc6 Bc5 42. h4 e4+ 0-1